000 00343nam a22001457a 4500
003 SGT
082 _a344
_bSIN
100 _aSINGH, AZAD
245 _aINSTITUTIONAL ARBITRATION VIS-AVIS -ARBITRATION : CHALLENGE & PROSPECTS
260 _aGURUGRAM
_bSGT UNIVERSITY
_c2023
300 _a249
650 _aLAW
653 _aPHD
942 _2ddc
_cTH
999 _c26649
_d26649